|
|
|
|
| LEADER |
00000nam a22000007a 4500 |
| 008 |
190201b1999 cr ||||| |||| 00| 0 spa d |
| 999 |
|
|
|c 3614
|d 3614
|
| 090 |
|
|
|a Tesis # 11
|
| 100 |
|
|
|9 4414
|a Cabrera Víquez, Alejandra
|
| 245 |
1 |
|
|a Las representaciones sociales femeninas y sus contradicciones en la vida cotidiana /
|c Alejandra Cabrera Víquez
|
| 260 |
|
|
|a Heredia, C.R. :
|b A. Cabrera V. ,
|c 1999
|
| 300 |
|
|
|a 143 hojas
|
| 502 |
|
|
|a Tesis (Maestría) -- Universidad Nacional. SEPUNA. Maestría Regional en Estudios de la Mujer
|
| 650 |
1 |
4 |
|9 55
|a MUJERES
|
| 650 |
1 |
4 |
|9 597
|a VIDA COTIDIANA
|
| 650 |
1 |
4 |
|9 84
|a DERECHOS DE LA MUJER
|
| 650 |
1 |
4 |
|9 1681
|a CONDICIONES SOCIALES
|
| 650 |
1 |
4 |
|9 1044
|a IDENTIDAD
|
| 942 |
|
|
|i 00113
|h Tesis # 11
|2 z
|c 02
|